|
|
|
|
| LEADER |
00000cam a22000004a 4500 |
| 001 |
musev2_25280 |
| 003 |
MdBmJHUP |
| 005 |
20230905042706.0 |
| 006 |
m o d |
| 007 |
cr||||||||nn|n |
| 008 |
100626s1992 ncu o 00 0 eng d |
| 020 |
|
|
|a 9780944318652
|
| 035 |
|
|
|a (OCoLC)300626189
|
| 040 |
|
|
|a MdBmJHUP
|c MdBmJHUP
|
| 100 |
1 |
|
|a Gray, John,
|d 1866-1934.
|
| 240 |
1 |
0 |
|a Prose works.
|k Selections
|
| 245 |
1 |
4 |
|a The Selected Prose of John Gray /
|c Jerusha Hull McCormack, editor.
|
| 264 |
|
1 |
|a Greensboro, N.C. :
|b ELT Press,
|c 1992.
|
| 264 |
|
3 |
|a Baltimore, Md. :
|b Project MUSE,
|c 2014
|
| 264 |
|
4 |
|c ©1992.
|
| 300 |
|
|
|a 1 online resource (316 pages):
|b illustrations
|
| 336 |
|
|
|a text
|b txt
|2 rdacontent
|
| 337 |
|
|
|a computer
|b c
|2 rdamedia
|
| 338 |
|
|
|a online resource
|b cr
|2 rdacarrier
|
| 490 |
0 |
|
|a 1880-1920 British authors series ;
|v no. 7
|
| 506 |
0 |
|
|a Open Access
|f Unrestricted online access
|2 star
|
| 588 |
|
|
|a Description based on print version record.
|
| 650 |
|
7 |
|a English literature.
|2 fast
|0 (OCoLC)fst00911989
|
| 650 |
|
6 |
|a Litterature anglaise
|y 20e siecle.
|
| 650 |
|
6 |
|a Litterature anglaise
|y 19e siecle.
|
| 650 |
|
0 |
|a English literature
|y 20th century.
|
| 650 |
|
0 |
|a English literature
|y 19th century.
|
| 655 |
|
7 |
|a Electronic books.
|2 local
|
| 700 |
1 |
|
|a McCormack, Jerusha Hull.
|
| 710 |
2 |
|
|a Project Muse.
|e distributor
|
| 830 |
|
0 |
|a Book collections on Project MUSE.
|
| 856 |
4 |
0 |
|z Texto completo
|u https://projectmuse.uam.elogim.com/book/25280/
|
| 945 |
|
|
|a Project MUSE - Archive Complete Supplement II
|
| 945 |
|
|
|a Project MUSE - Archive Literature Supplement II
|